Встраиваемые подсистемы микропроцессорных систем автоматического управления: учебное пособие
| Autor principal: | |
|---|---|
| Autor corporatiu: | |
| Altres autors: | |
| Sumari: | Заглавие с титульного экрана Электронная версия печатной публикации В пособии системно изложены теоретические положения, примеры программ и последовательность выполнения лабораторных практикумов по программированию микропроцессорных систем, в том числе для освоения методов, приемов и технологий: разработки технических средств микропроцессорных систем автоматического управления технологическими процессорами и физическими установками, разработки специального программного обеспечения для микропроцессорных систем управления; программирования микроконтроллеров и средств для создания и отладки программ. Лабораторный практикум ориентирован на формирование профессиональных компетенций студентов, обучающихся по специальности "Электроника и автоматика физических установок" с применением учебно-лабораторных комплексов SDK-1.1 производство "ЛМТ". Режим доступа: из корпоративной сети ТПУ |
| Idioma: | rus |
| Publicat: |
Томск, Изд-во ТПУ, 2014
|
| Matèries: | |
| Accés en línia: | http://www.lib.tpu.ru/fulltext2/m/2015/m157.pdf |
| Format: | Electrònic Llibre |
| KOHA link: | https://koha.lib.tpu.ru/cgi-bin/koha/opac-detail.pl?biblionumber=296537 |
MARC
| LEADER | 00000nlm0a2200000 4500 | ||
|---|---|---|---|
| 001 | 296537 | ||
| 005 | 20260227151508.0 | ||
| 035 | |a (RuTPU)RU\TPU\book\321645 | ||
| 035 | |a RU\TPU\book\321537 | ||
| 090 | |a 296537 | ||
| 100 | |a 20150601d2014 m y0rusy50 ca | ||
| 101 | 0 | |a rus | |
| 102 | |a RU | ||
| 105 | |a a j 001zy | ||
| 135 | |a drcn ---uucaa | ||
| 181 | 0 | |a i | |
| 182 | 0 | |a b | |
| 200 | 1 | |a Встраиваемые подсистемы микропроцессорных систем автоматического управления |e учебное пособие |f А. Г. Горюнов, Ю. А. Чурсин |g Национальный исследовательский Томский политехнический университет (ТПУ) | |
| 203 | |a Текст |c электронный | ||
| 210 | |a Томск |c Изд-во ТПУ |d 2014 | ||
| 300 | |a Заглавие с титульного экрана | ||
| 300 | |a Электронная версия печатной публикации | ||
| 330 | |a В пособии системно изложены теоретические положения, примеры программ и последовательность выполнения лабораторных практикумов по программированию микропроцессорных систем, в том числе для освоения методов, приемов и технологий: разработки технических средств микропроцессорных систем автоматического управления технологическими процессорами и физическими установками, разработки специального программного обеспечения для микропроцессорных систем управления; программирования микроконтроллеров и средств для создания и отладки программ. Лабораторный практикум ориентирован на формирование профессиональных компетенций студентов, обучающихся по специальности "Электроника и автоматика физических установок" с применением учебно-лабораторных комплексов SDK-1.1 производство "ЛМТ". | ||
| 333 | |a Режим доступа: из корпоративной сети ТПУ | ||
| 337 | |a Adobe Reader | ||
| 606 | 1 | |a Микропроцессоры |x Программирование |x Автоматизация |2 stltpush |3 (RuTPU)RU\TPU\subj\43716 |9 63176 | |
| 610 | 1 | |a электронный ресурс | |
| 610 | 1 | |a труды учёных ТПУ | |
| 610 | 1 | |a учебные пособия | |
| 610 | 1 | |a встраиваемые подсистемы | |
| 610 | 1 | |a микропроцессорные системы | |
| 610 | 1 | |a автоматическое управление | |
| 610 | 1 | |a лабораторные практикумы | |
| 610 | 1 | |a программирование | |
| 610 | 1 | |a технические средства | |
| 610 | 1 | |a технологические процессы | |
| 610 | 1 | |a физические установки | |
| 610 | 1 | |a микроконтроллеры | |
| 675 | |a 004.31(075.8) |v 4 | ||
| 700 | 1 | |a Горюнов |b А. Г. |c специалист в области автоматического управления |c заведующий кафедрой Томского политехнического университета, доктор технических наук |f 1979- |g Алексей Германович |3 (RuTPU)RU\TPU\pers\25726 |9 11628 | |
| 701 | 1 | |a Чурсин |b Ю. А. |c специалист в области физических установок |c доцент Томского политехнического университета |f 1984- |g Юрий Александрович |3 (RuTPU)RU\TPU\pers\25742 | |
| 712 | 0 | 2 | |a Национальный исследовательский Томский политехнический университет |c (2009- ) |9 26305 |
| 801 | 1 | |a RU |b 63413507 |c 20110927 | |
| 801 | 2 | |a RU |b 63413507 |c 20160615 |g RCR | |
| 856 | 4 | |u http://www.lib.tpu.ru/fulltext2/m/2015/m157.pdf | |
| 942 | |c CF | ||